Europe's Biggest Football (Soccer) Stadiums - Statistics

General Stats
  • This quiz has been taken 576 times
  • The average score is 9 of 25
Answer Stats
Capacity Country, City Answer % Correct
99,354 Spain, Barcelona Camp Nou
97%
90,000 London, England Wembley Stadium
92%
75,811 Manchester, England Old Trafford
86%
85,454 Madrid, Spain Estadio Santiago Bernabéu
83%
80,018 Milan, Italy San Siro
82%
71,000 Munich, Germany Allianz Arena
69%
60,361 London, England Emirates Stadium
50%
80,720 Dortmund, Germany Signal Iduna Park
50%
80,000 Paris, France Stade de France
43%
72,698 Rome, Italy Stadio Olimpico
42%
60,500 Glasgow, Scotland Celtic Park
29%
74,064 Berlin, Germany Olympiastadion
26%
78,300 Moscow, Russia Luzhniki Stadium
24%
60,031 Marseille, France Stade Velodrome
22%
61,637 Gelsenkirchen, Germany Veltins Arena
20%
75,145 Istanbul, Turkey Atatürk Olimpiyat Stadi
19%
74,500 Cardiff, Wales Millennium Stadium
18%
60,240 Naples, Italy Stadio San Paolo
15%
64,400 Lisbon, Portugal Estádio da Luz
9%
58,145 Warsaw, Poland Stadion Narodowy w Warszawie
4%
58,270 Bari, Italy Stadio San Nicola
4%
57,000 Hamburg, Germany Imtech Arena
3%
69,618 Athens, Greece Athens Olympic Stadium
2%
60,441 Stuttgart, Germany Mercedez-Benz Arena
2%
70,050 Kiev, Ukraine National Sports Complex Olimpiyskiy
1%
No matching quizzes found
Score Distribution
Percent of People with Each Score
Percentile by Number Answered
Your Score History
You have not taken this quiz